000 00526nam a2200229Ia 4500
003 IT-RoPAU
008 120407s9999 xx 000 0 und d
040 _aIT-RoPAU
040 _cIT-RoPAU
041 _aita
100 _aCharles L’Eplattenier
245 _aGli Atti degli Apostoli. Quadro delle origini cristiane.
250 _aBologna
260 _aEDB
260 _c1990
300 _a218 p.
300 _c24 cm
490 _aLettura pastorale della Bibbia
490 _v120
942 _cBK
999 _c29142
_d29142